00394pab a2200145 454500008004000000100001800040245006900058260000900127300001400136362000800150650002700158650001500185700001400200773003400214180718b2010 xxu||||| |||| 00| 0 eng d aHuo, Jingjing aThe political economy of technological innovation and employment c2010 ap.329-52. aMar aScientific innovations aEmployment aFeng, Hui aComparative Political Studies